000 00426nam a2200181Ia 4500
001 19492
005 20260306172657.0
008 260306t2004||||xx |||||||||||||| ||spa||
041 _aESP
082 _a340.07
_bC81
100 _aCornejo Cuervo, Rolando
_eAUT
245 0 _aInvestigación jurídica
260 _c2004
300 _a121 páginas :
_c25 cm.
650 _aGEN
654 _aCDE
942 _cLIB
_dJUS
_fJUS
_2ddc
_n
999 _c19492
_d19492